000 00521nam a2200145Ia 4500
005 20240821160407.0
008 240821s9999||||xx |||||||||||||| ||und||
082 _a370 NAT
100 _aNational Council of Educationa Research and Training
245 0 _aDevelopment of a framework for formulation of educational programmes, monitoring of their implementation...
260 _aNew Delhi
_bNational Council of Educationa Research and Training
_c1996
300 _a79p.
650 _aEducational programmes
942 _cBK
999 _c162540
_d162540